000 00445nam a22001697a 4500
005 20260323161713.0
020 _a9788198510891
041 _aEnglish
082 _aT10 R25 STE
100 _aStephen Jeyaseela
245 _aThamizh Pulavargalum Cheyyulgalum: Idaikaala Samaya Thodarpu Muthal Puththulaga Kaala Samooga Ilakkiyam Varai
250 _a01
260 _aChennai
_bNCBH
_c2025
300 _a136
365 _b125.00
942 _cBK
999 _c177055
_d177055